000 00554nam a2200169 i 4500
001 48927
003 ES-MaACL
005 20230906161840.0
007 t|
008 030702s1976 sp ||||1| spa d
100 1 _aCorella Suárez, Pilar.
_940582
245 1 0 _aLeganés, su arte e historia
_b: (homenaje a Joseph de Churriguera) /
_cpor María Pilar Corella Suárez.
250 _a1ª ed.
260 _a[Leganés :
_bAyuntamiento] ;
_aMadrid :
_bRaycar,
_c1976.
300 _a124 p., 55 lám. :
_bil. ;
_c24 cm.
852 _aES-MaACL
_jA-5608
_bR.94681
999 _c48927
_d48927